|
|
|
|
| LEADER |
00835nam a2200217 a 4500 |
| 001 |
14107318 |
| 008 |
090614s2007 njua 001 0 eng d |
| 010 |
|
|
|a 2005054601
|
| 020 |
|
|
|a 0131492012
|
| 082 |
0 |
0 |
|a 657
|2 22
|
| 100 |
1 |
|
|a Reimers, Jane L.
|
| 245 |
1 |
0 |
|a Financial accounting /
|c Jane L. Reimers.
|
| 260 |
|
|
|a Upper Saddle River, N.J. :
|b Prentice Hall/Pearson Education International,
|c c2007.
|
| 300 |
|
|
|a 1 v. (various pagings) :
|b col. ill. ;
|c 29 cm.
|
| 504 |
|
|
|a Includes indexes.
|
| 541 |
1 |
|
|e 00015603
|
| 650 |
|
0 |
|a Accounting.
|
| 650 |
|
0 |
|a Financial statements.
|
| 852 |
4 |
|
|a Ayesha Abed Library
|j General Shelf.
|
| 999 |
|
|
|c 1618
|d 1618
|
| 952 |
|
|
|0 0
|1 4
|2 ddc
|4 0
|6 657_000000000000000_REI
|7 0
|9 1485
|a BRACUL
|b BRACUL
|c GEN
|d 2009-06-28
|g 0.00
|l 0
|o 657 REI
|p 3010015603
|r 2009-06-28
|t 1
|w 2009-06-28
|y BK
|x No price found in the accession register.
|